[Event "It \"]
[Site "masterchessopen.com Olomouc (Czech Republic)"]
[Date "2012.08.05"]
[Round "5"]
[White "Bartos Jan (CZE)"]
[Black "Ptacnikova Lenka (ISL)"]
[Result "0-1"]
[WhiteElo "2239"]
[BlackElo "2275"]

1.d4 Nf6 2.c4 e6 3.Nc3 Bb4 4.e3 b6 5.Ne2 Bb7 6.a3 Be7 7.Ng3 d5 8.cxd5 Nxd5
9.e4 Nxc3 10.bxc3 O-O 11.Bd3 c5 12.Be3 cxd4 13.cxd4 Nc6 14.e5 g6 15.Qg4 Nxe5
16.Qd1 Nxd3+ 17.Qxd3 Bxg2 18.Rg1 Bd5 19.Nh5 Qc7 20.Nf4 Qc4 21.Qd1 Rac8 22.Qh5
Qc3+ 23.Ke2 Qxa1 24.Rxg6+ fxg6 25.Nxg6 Rc2+ 26.Bd2 Rxd2+ {#R} 0-1

[Event "Ch European Union (juniors) (under 14)"]
[Site "masterchessopen.com Mureck (Austria)"]
[Date "2012.08.08"]
[Round "8"]
[White "Bilchinski Anton"]
[Black "Haavamae Henrik"]
[Result "1-0"]
[WhiteElo "1869"]
[BlackElo "1950"]

1.d4 Nf6 2.c4 e6 3.Nc3 Bb4 4.e3 b6 5.Ne2 Bb7 6.a3 Bxc3+ 7.Nxc3 O-O 8.Bd3 d5
9.O-O Nbd7 10.b3 c5 11.Bb2 cxd4 12.exd4 Qc7 13.Rc1 dxc4 14.bxc4 Rad8 15.f3 Nh5
16.Qc2 h6 17.Rfd1 f5 18.Nb5 Qb8 19.c5 bxc5 20.dxc5 Bc6 21.Nd4 Bd5 22.c6 Rc8
23.Bc4 Bxc4 24.Qxc4 Qxb2 25.Qxe6+ Kh7 26.Qxd7 Rcd8 27.Qxa7 Nf4 28.Rc2 Qxc2
29.Nxc2 Rxd1+ 30.Kf2 Rd2+ 31.Ke3 Rxc2 32.Kxf4 Rxc6 33.a4 Rc4+ 34.Kg3 f4+
35.Kg4 Rf6 36.Qd7 Rc5 37.h4 Rcf5 38.Qxf5+ {#r} 1-0

[Event "It (open)"]
[Site "masterchessopen.com Istanbul (Turkey)"]
[Date "2012.08.30"]
[Round "1"]
[White "Ivanov Mikhail M (RUS)"]
[Black "Tasci Sabri (TUR)"]
[Result "1-0"]
[WhiteElo "2403"]
[BlackElo "1912"]

1.d4 Nf6 2.c4 e6 3.Nc3 Bb4 4.e3 b6 5.Ne2 Bb7 6.a3 Be7 7.d5 a5 8.g3 d6 9.Bg2
Nbd7 10.Nd4 Nc5 11.b3 exd5 12.cxd5 Ba6 13.Ncb5 Qd7 14.a4 O-O 15.O-O Rfe8
16.Bb2 Bf8 17.Nc6 Bxb5 18.axb5 Qf5 19.b4 axb4 20.Nxb4 g6 21.Na6 Nxa6 22.bxa6
Ra7 23.Qa4 Re7 24.Rfe1 Bg7 25.e4 Qd7 26.Qc4 Qe8 27.Bxf6 Bxf6 28.Ra2 Qc8 29.Bf1
Bg7 30.Qb4 Bf6 31.Bb5 Bg7 32.Kg2 Re5 33.h4 h5 34.Rc1 Bf6 35.Qxd6 cxd6 36.Rxc8+
Kg7 37.f3 Ree7 38.Ra4 {#r} 1-0

[Event "It (open)"]
[Site "masterchessopen.com Bogota (Colombia)"]
[Round "2"]
[White "Rodriguez Vidal (VEN)"]
[Black "Cordova Emilio (PER)"]
[Result "0-1"]
[WhiteElo "2140"]
[BlackElo "2574"]

1.d4 Nf6 2.c4 e6 3.Nc3 Bb4 4.e3 b6 5.Ne2 Bb7 6.a3 Bd6 7.Ng3 h5 8.d5 Be5 9.Nge2
exd5 10.cxd5 c6 11.e4 cxd5 12.exd5 O-O 13.Bg5 Re8 14.Rc1 Na6 15.g3 Bxc3+
16.Rxc3 Re5 17.Bxf6 Qxf6 18.Bg2 Rc8 19.Rc2 Nc5 20.O-O Ba6 21.Re1 Nd3 22.f4 Re3
23.Rf1 Nxb2 {#R} 0-1

[Event "Cup Latinoamerican (open)"]
[Site "masterchessopen.com Cali (Colombia)"]
[Date "2012.10.04"]
[Round "1"]
[White "Rios Cristian Camilo (COL)"]
[Black "Nunez Daniel (COL)"]
[Result "0-1"]
[WhiteElo "2348"]
[BlackElo "2211"]

1.d4 Nf6 2.c4 e6 3.Nc3 Bb4 4.e3 b6 5.Ne2 Bb7 6.a3 Bxc3+ 7.Nxc3 O-O 8.Bd3 d6
9.O-O e5 10.d5 Nbd7 11.b4 a5 12.Rb1 Qe7 13.e4 axb4 14.axb4 Rfb8 15.Be3 Bc8
16.f3 h5 17.Qc2 Nf8 18.c5 bxc5 19.bxc5 Ng6 20.Rxb8 Rxb8 21.Rb1 Ra8 22.Nb5 Ne8
23.c6 Nf4 24.Bf1 h4 25.Na7 Qg5 26.Rb3 Nf6 27.Qb2 N6h5 28.Nxc8 Rxc8 29.Rb8 Rxb8
30.Qxb8+ Kh7 31.Qa7 f5 32.exf5 Nf6 33.Kf2 Qxf5 34.Bxf4 Qxf4 35.Qxc7 Ne4+ {#R}
0-1

[Event "Bundesliga (2nd) West 2012/13"]
[Site "masterchessopen.com Austria"]
[Date "2012.10.05"]
[Round "1"]
[White "Prusikin Michael (GER)"]
[Black "Schmidt Georg (GER)"]
[Result "1-0"]
[WhiteElo "2545"]
[BlackElo "2347"]

1.d4 Nf6 2.c4 e6 3.Nc3 Bb4 4.e3 b6 5.Ne2 Ne4 6.Bd2 Nxd2 7.Qxd2 c5 8.a3 Ba5
9.g3 Bb7 10.d5 d6 11.Bg2 e5 12.O-O Ba6 13.b3 O-O 14.Qb2 Bxc3 15.Nxc3 Nd7 16.a4
Rb8 17.Rae1 Qe7 18.f4 Bc8 19.g4 h6 20.Qf2 Nf6 21.h3 a6 22.Qg3 Bd7 23.g5 hxg5
24.fxg5 Nh7 25.Ne4 f5 26.gxf6 Nxf6 27.Qh4 b5 28.axb5 axb5 29.Rf2 Rbe8 30.Ref1
bxc4 31.bxc4 Ra8 32.Rxf6 gxf6 33.Nxf6+ Rxf6 34.Rxf6 Qg7 35.Rf3 Be8 36.Rg3 Bg6
37.Kh2 Kf7 38.Qg4 Re8 39.Be4 {#r} 1-0

[Event "It (open)"]
[Site "masterchessopen.com Arco (Italy)"]
[Date "2012.10.19"]
[Round "7"]
[White "Bonade Massimo (ITA)"]
[Black "Albano Marco (ITA)"]
[Result "0-1"]
[WhiteElo "2086"]
[BlackElo "2226"]

1.d4 Nf6 2.c4 e6 3.Nc3 Bb4 4.e3 b6 5.Ne2 Bb7 6.a3 Bd6 7.Ng3 h5 8.d5 Be5 9.Nge4
Nxe4 10.Nxe4 f5 11.f4 fxe4 12.fxe5 Qh4+ 13.g3 Qg5 14.Qd4 h4 15.Bg2 hxg3 16.h3
Rh4 17.b4 Na6 18.Bb2 O-O-O 19.O-O-O c5 20.Qd2 cxb4 21.axb4 exd5 22.cxd5 Qe7
23.Bc3 Kb8 24.Kb2 d6 25.Rhf1 dxe5 26.d6 Qe6 27.Qe1 Rh6 28.Qxg3 Rg6 29.Qh2 Rf6
30.Bxe5 Rxf1 31.Bxf1 Nxb4 32.Ka3 a5 33.Bxg7 Ka7 34.Rd4 Rc8 35.Rd2 Qf7 36.d7
Rd8 37.Qc7 Qxg7 38.Qxd8 Qc3+ {#R} 0-1